000
00280nam a22001337a 4500
008
171227b xxu||||| |||| 00| 0 eng d
020
_a
9780153093135
041
_a
eng
080
_a
7
100
_a
41
101
_a
ART
245
_a
ART EXPRESS
_c
DANIEL,V.A
942
_2
udc
_c
BK
999
_c
39483
_d
39483